000 00463nam a2200145Ia 4500
008 100122s9999 xx 000 0 und d
082 _b37853
_a823
100 _aआपटे शरद
245 _aमधली नदी साक्षीला
260 _bशैलेजा आपटे
_c1905
300 _a123
630 _aमधली नदी साक्षीला
730 _aमधली नदी साक्षीला
942 _cBOOK
999 _c420209
_d420206